El señor de las abejas : Karl von Frisch /
Guardado en:
| Hovedforfatter: | |
|---|---|
| Format: | Bog |
| Sprog: | spansk |
| Udgivet: |
México :
Pangea,
1996, c1996
|
| Serier: | (Viajeros del Conocimiento)
|
| Fag: | |
| Tags: |
Ingen Tags, Vær først til at tagge denne postø!
|
MARC
| LEADER | 00000nam^a2200000^a^4500 | ||
|---|---|---|---|
| 001 | 000051894 | ||
| 005 | 20250521000000.0 | ||
| 009 | 20260310090335.111 | ||
| 020 | |a 968-6177-73-6 | ||
| 037 | |a Acervo ITESO - Biblioteca | ||
| 041 | |a ESP | ||
| 082 | |a 509. 2 |b VIA V. 47 | ||
| 100 | |a Guillén Rodríguez, Fedro Carlos |e (autor) | ||
| 245 | 1 | 3 | |a El señor de las abejas : |b Karl von Frisch / |c F.C. Guillén Rodríguez. |
| 264 | 4 | |a México : |b Pangea, |c 1996, c1996 | |
| 300 | |a 102 p. | ||
| 336 | |a texto |b txt |2 rdacontenido | ||
| 337 | |a sin mediación |b n |2 rdamedio | ||
| 338 | |a volumen |b nc |2 rdasoporte | ||
| 440 | 1 | |a (Viajeros del Conocimiento) | |
| 649 | |a XX | ||
| 650 | |a Científicos - |x Biografías | ||
| 650 | |a Biólogos - |x Biografías | ||
| 650 | |a Ciencia - |x Historia | ||
| 650 | |a Etología | ||
| 650 | |a Abejas | ||
| 650 | |a Frisch, Karl von | ||
| 910 | |a Fondo General | ||
| 920 | |a Impresos - Libros | ||
| 930 | |a Colección General | ||
| 905 | |a 101 | ||
| 901 | |a 0500009282 |b IT1 |c ACC |u 20250521 | ||
| 902 | |a https://opac.biblio.iteso.mx/vufind/Record/000051894 | ||